[Event "Nancy Meurthe blitz 17th"]
[Site "Nancy"]
[Date "2019.02.23"]
[Round "2"]
[White "Zienkiewicz, Geoffroy"]
[Black "Sebag, Marie"]
[Result "0-1"]
[WhiteElo "1979"]
[BlackElo "2476"]
[PlyCount "116"]
[EventDate "2019.02.24"]
[EventType "swiss (blitz)"]
[EventRounds "11"]
[EventCountry "FRA"]
[SourceTitle "CBM 189 Extra"]
[Source "ChessBase"]
[SourceDate "2019.05.31"]
[SourceVersion "1"]
[SourceVersionDate "2019.05.31"]
[SourceQuality "1"]

1. d4 d5 2. Bg5 h6 3. Bh4 c5 4. dxc5 g5 5. Bg3 Bg7 6. c3 Na6 7. Nd2 Nxc5 8. Ngf3 Nf6 9. e3 Bf5 10. Bb5+ Bd7 11. Qe2 0-0 12. h4 g4 13. Ne5 Bxb5 14. Qxb5 Qb6 15. a4 h5 16. 0-0 Qxb5 17. axb5 Nfe4 18. Nxe4 Nxe4 19. Bf4 f6 20. Nd3 e5 21. Bh2 Bh6 22. Nb4 Rfd8 23. Rfd1 g3 24. fxg3 Bxe3+ 25. Kf1 d4 26. c4 Nd2+ 27. Rxd2 Bxd2 28. Nd5 Kf7 29. Bg1 Rdc8 30. b3 Ke6 31. Ke2 Bc3 32. Rf1 f5 33. Kd3 e4+ 34. Kc2 Ke5 35. Nxc3 dxc3 36. Kxc3 Rd8 37. Kb4 Rd3 38. Bf2 a5+ 39. bxa6 Rxa6 40. Rb1 Rd2 41. Be3 Rxg2 42. Bf4+ Ke6 43. Kb5 Rga2 44. b4 Ra1 45. Rb2 R6a2 46. Rb3 Ra3 47. Rb2 Ra6 48. Rd2 R1a3 49. Rd8 Rd3 50. Rh8 e3 51. Rxh5 e2 52. Rh8 Rd7 53. Re8+ Re7 54. Rxe7+ Kxe7 55. Bd2 Rd6 56. Bc3 Rd3 57. Be1 Rd1 58. Bc3 e1Q 0-1

[Event "Lorraine-ch"]
[Site "Hayange"]
[Date "2013.05.19"]
[Round "3"]
[White "Carrillo, Jesus"]
[Black "Zienkiewicz, Geoffroy"]
[Result "1-0"]
[WhiteElo "2102"]
[BlackElo "1922"]
[PlyCount "55"]
[EventDate "2013.05.17"]
[EventType "swiss"]
[EventRounds "7"]
[EventCountry "FRA"]
[SourceTitle "EXT 2014"]
[Source "ChessBase"]
[SourceDate "2013.11.20"]
[SourceVersion "1"]
[SourceVersionDate "2013.11.20"]
[SourceQuality "1"]

1. e4 c6 2. d4 d5 3. exd5 cxd5 4. c4 Nf6 5. Nc3 Nc6 6. Bg5 dxc4 7. d5 Na5 8. Bxc4 Nxc4 9. Qa4+ Bd7 10. Qxc4 b5 11. Qb3 Qa5 12. Nf3 b4 13. Bxf6 gxf6 14. Ne4 f5 15. Ned2 Bg7 16. 0-0 0-0 17. Rfe1 e6 18. Nc4 Qxd5 19. Red1 Ba4 20. Qxa4 Qxc4 21. Rac1 Qf4 22. b3 Bc3 23. Rxc3 Rac8 24. Rxc8 Rxc8 25. Qd7 Rc1 26. h4 Rxd1+ 27. Qxd1 e5 28. Qd8+ 1-0